All Alchemist Upgrades - Bloons TD 6 - Statistics

General Stats
  • This quiz has been taken 17 times
  • The average score is 13 of 15
Answer Stats
Upgrade % Correct
Bloon Master Alchemist
100%
Permanent Brew
100%
Berserker Brew
94%
Larger Potions
94%
Acidic Mixture Dip
88%
Acid Pool
88%
Faster Throwing
88%
Lead to Gold
88%
Rubber to Gold
88%
Stronger Stimulant
88%
Total Transformation
81%
Transforming Tonic
81%
Unstable Concoction
75%
Perishing Potions
69%
Stronger Acid
56%
No matching quizzes found
Score Distribution
Percent of People with Each Score
Percentile by Number Answered
Your Score History
You have not taken this quiz